00790nam a2200229 i 450000100060000000300090000600500170001500700030003200800410003502000180007608000340009410000370012824500740016525000120023926000450025130000300029650400340032660000390036085200220039999900170042195201220043812666ES-MaACL20251224063013.0t|900629s1988 sp a |||| |bspa j a84-85437-10-1 a929 Villalba Hervás, Miguel0 aCastillo León, Juan del93670210aVillalba Hervás, entre la capital y la villa / cJuan del Castillo. a1ª ed. aSanta Cruz de Tenerife : bGoya, c1988. a109 p. : bil. ; c24 cm. aBibliografía: p. [105]-109.14aVillalba Hervás, Miguel.9133735 aES-MaACLjL-20047 c12666d12666 00104070aATENEOMbATENEOMcDEPO2d2008-01-17eSCl0oL-20047p1012903r2023-02-23 00:00:00w2023-02-23yMONOGRAFIA